000 00601nam a2200205Ia 4500
003 GCL
008 140319s9999 xx 000 0 ara d
040 _aGCL /
_cGCL
082 0 4 _a956.903
_bص ف
100 1 _aابراهيم ابوالغد
245 1 0 _aالفلاحون الفلسطنيون من الاحتلال الى الثورة /
_cابراهيم ابوالغد
700 1 _aصايغ، روزمارى
700 1 _aخالد عايد
300 _a235 ص
490 _a
650 0 4 _aفلسطين
650 0 4 _aالخرائط
650 0 4 _aفلسطين - تاريخ
942 _2ddc
_cBK
999 _c42734
_d42734